000 00367nam a2200145Ia 4500
008 240624s9999 xx 000 0 und d
041 _aeng
082 _a330 FIT
100 _aFITZROY FELIX R
245 _aINTRODUCTION TO CLIMATE CHANGE ECONOMICS
250 _a11
260 _c2010
_aLondon
_bCapstone
300 _aviii, : 214 : p. : cm. ; 23
365 _cBPS
_b25
999 _c17927
_d17927